Statistics for Updated Top 5 Cities in Arkansas by Population

Click here to take the quiz!

General Stats

  • This quiz has been taken 31 times
  • The average score is 3 of 5

Answer Stats

CountyCity% Correct
PulaskiLittle Rock
100%
WashingtonFayetteville
69%
SebastianFort Smith
69%
CraigheadJonesboro
38%
Washington and BentonSpringdale
38%

Score Distribution

Percentile by Number Answered

Percent of People with Each Score

Your Score History

You have not taken this quiz